| 000 | 00440nam a2200181Ia 4500 | ||
|---|---|---|---|
| 008 | 170918s9999 xx 000 0 und d | ||
| 020 | _a440409411 | ||
| 050 | _bW791 1985 | ||
| 100 | _aWinthrop, Elizabeth | ||
| 245 | 4 | _aThe castle in the attic / | |
| 245 | _cby Elizabeth Winthrop. | ||
| 260 | _aNew York : | ||
| 260 | _bYearling Book, | ||
| 260 | _c1985 | ||
| 300 | _a179 pages : | ||
| 300 | _billustrations ; | ||
| 300 | _c19cm. | ||
| 999 |
_c343615 _d343615 |
||